[Event "Tirol-ch Seniors 65"]
[Site "Jenbach"]
[Date "2016.06.03"]
[Round "2.2"]
[White "Esterhammer, Helmut"]
[Black "Radinger, Alfred"]
[Result "0-1"]
[WhiteElo "1626"]
[BlackElo "1745"]
[PlyCount "42"]
[EventDate "2016.05.??"]
[EventType "swiss"]
[EventRounds "5"]
[EventCountry "AUT"]
[SourceTitle "EXT 2024"]
[Source "ChessBase"]
[SourceDate "2023.10.10"]
[SourceVersion "1"]
[SourceVersionDate "2023.10.10"]
[SourceQuality "1"]

1. e4 c5 2. Nc3 d6 3. f4 a6 4. Nf3 Nc6 5. d4 cxd4 6. Nxd4 e6 7. Nf3 Qc7 8. Bd3 Nf6 9. h3 Be7 10. Be3 b5 11. 0-0 Bb7 12. Ne2 Rc8 13. Nd2 h5 14. c3 Na5 15. b3 Nd7 16. Rc1 Qb8 17. Nd4 Bf6 18. Qe2 Nc6 19. Bb1 Qa8 20. Qd3 Nc5 21. Nxc6 Nxd3 0-1